Filmographie Jean Reno - Statistiques

Statistiques générales
  • Ce quiz a été pris 147 fois
  • Le résultat moyen est 11 sur 77
Statistiques - réponses
Film % Correct
Léon
93%
Les Visiteurs
91%
Les Couloirs du temps : Les Visiteurs 2
80%
Le Grand Bleu
77%
Les Visiteurs en Amérique
77%
Nikita
55%
Tais-toi !
53%
Les Visiteurs : La Révolution
52%
Wasabi
48%
L'Enquête corse
45%
Godzilla
41%
Les Rivières pourpres
37%
L'Opération Corned Beef
37%
Mission impossible
37%
L'immortel
30%
Subway
29%
Ronin
23%
Le Jaguar
20%
Les Rivières pourpres 2 : Les Anges de l'apocalypse
19%
Da Vinci Code
18%
La Rafle
15%
Comme un chef
13%
Le Dernier Combat
11%
La Panthère rose
9%
Antigang
8%
Bronx
8%
Cash
8%
On ne choisit pas sa famille
8%
Décalage horaire
7%
L'Empire des loups
7%
Les Seigneurs
5%
Mes trésors
5%
Avis de Mistral
4%
La Panthère rose 2
4%
Un amour de sorcière
4%
Blindés
3%
Flyboys
3%
I Love You
3%
Le Premier Cercle
3%
Les Truffes
3%
Le téléphone sonne toujours deux fois
3%
L'Hypothèse du tableau volé
3%
Notre histoire
3%
Rollerball
3%
Zone rouge
3%
4 latas
2%
French Kiss
2%
L'Aigle et l'enfant
2%
Voulez-vous un bébé Nobel ?
2%
Alex Cross
1%
Clair de femme
1%
Hôtel Rwanda
1%
La Fille dans le Brouillard
1%
La Passante du Sans-Souci
1%
La Promesse
1%
Les Bidasses aux grandes manœuvres
1%
Les Sœurs Soleil
1%
Le Tigre et la Neige
1%
L'Homme au masque d'or
1%
Par-delà les nuages
1%
Strictement personnel
1%
Anya
0%
Benoît Brisefer : Les Taxis rouges
0%
Cold Blood Legacy : La Mémoire du sang
0%
Da 5 Bloods : Frères de sang
0%
Days and Nights
0%
Hector et la Recherche du bonheur
0%
Le Dernier voyage de Paul W.R.
0%
Loulou Graffiti
0%
Margaret
0%
On n'est pas des anges... elles non plus
0%
Pour l'amour de Roseanna
0%
Signes extérieurs de richesse
0%
The Adventurers
0%
The Doorman
0%
The Last Face
0%
Thérapie de couples
0%
Aucun quiz correspondant
Distribution des résultats
% des personnes avec chaque résultat
Percentile par nombre de réponses
Votre historique - résultats
Vous n’avez pas pris ce quiz